000 00735nam a22002177a 4500
005 2010080609329.0
010 _aENG-98608
020 _a9788190728195
_c125.00
035 _aEN-82141
037 _bDBAD/PUB
082 _a535.05
100 _aSankar,R.
_98793
245 _aOptics and spectroscopy /
_cby R.Sankar
260 _aTiruvannamalai
_bImage Computers
_c2008
270 _a52, Car Street
_bTiruvannamalai
_e04175224742
300 _a184p. :
_bill.
_c21cm (pbk)
650 _aOptics
_98794
650 _aSpectrum analism
_98795
942 _2ddc
_cBN
_h535.05
_mSAN
999 _c39706
_d39706